Recuerdo biográfico de Francisco Javier Llorens / (Record no. 28513)

MARC details
000 -LEADER
campo de control de longitud fija 00441nam a2200145 i 4500
001 - NÚMERO DE CONTROL
campo de control 28513
003 - IDENTIFICADOR DE NÚMERO DE CONTROL
campo de control ES-MaACL
005 - FECHA Y HORA DE LA ÚLTIMA TRANSACCIÓN
campo de control 20230906153853.0
007 - CAMPO FIJO DE DESCRIPCIÓN FÍSICA--INFORMACIÓN GENERAL
campo de control de longitud fija t|
008 - DATOS DE LONGITUD FIJA--INFORMACIÓN GENERAL
campo de control de longitud fija 030117s1880 sp ||||1| spa d
100 1# - ENTRADA PRINCIPAL--NOMBRE DE PERSONA
Nombre de persona Barallat y Falguera, Celestino (
Fechas asociadas al nombre 1840-1905)
9 (RLIN) 25298
245 10 - MENCIÓN DEL TÍTULO
Título Recuerdo biográfico de Francisco Javier Llorens /
Mención de responsabilidad, etc. Celestino Barallat y Falguera.
260 ## - PUBLICACIÓN, DISTRIBUCIÓN, ETC.
Lugar de publicación, distribución, etc. Barcelona :
Nombre del editor, distribuidor, etc. [s.n.],
Fecha de publicación, distribución, etc. 1880.
852 ## - LOCALIZACIÓN
Ubicación ES-MaACL
Número de control de estantería T-331-F-3
Holdings
Estatus retirado Estado de pérdida Estado de daño No para préstamo Colección Biblioteca de origen Biblioteca actual Ubicación en estantería Fecha de adquisición Fuente de adquisición Total de préstamos Signatura topográfica completa Código de barras Visto por última vez Precio de reemplazo Tipo de ítem Koha
        Colección de folletos Biblioteca del Ateneo de Madrid Biblioteca del Ateneo de Madrid Depósito folletos 17/01/2008     T-331-F-3 1029435 23/02/2023 23/02/2023 Folleto